[Event "CAN op"]
[Site "Hamilton CAN"]
[Date "2022.07.17"]
[Round "9.32"]
[White "Heran-Boily, Samuel"]
[Black "Zhong, Kevin"]
[Result "0-1"]
[WhiteElo "1871"]
[BlackElo "2276"]
[PlyCount "42"]
[EventDate "2022.07.12"]
[EventType "swiss"]
[EventRounds "9"]
[EventCountry "CAN"]

1. e4 c5 2. Nf3 Nc6 3. Bc4 e6 4. O-O d5 5. exd5 exd5 6. Re1+ Be6 7. Bb5 Bd6 8.
d4 Nf6 9. Ng5 O-O 10. Bxc6 bxc6 11. Rxe6 fxe6 12. Nxe6 Bxh2+ 13. Kh1 Qd6 14.
Nxf8 Ne4 15. Be3 Rxf8 16. dxc5 Nxf2+ 17. Bxf2 Qh6 18. Qg4 Bg3+ 19. Qh3 Qc1+ 20.
Bg1 Bf2 21. Qh2 Bxg1 0-1

[Event "CAN op"]
[Site "Hamilton CAN"]
[Date "2022.07.17"]
[Round "9.34"]
[White "Laughlin, Braden"]
[Black "Bluvshtein, Ilia"]
[Result "1-0"]
[WhiteElo "1896"]
[BlackElo "2220"]
[PlyCount "109"]
[EventDate "2022.07.12"]
[EventType "swiss"]
[EventRounds "9"]
[EventCountry "CAN"]

1. e4 e5 2. Nf3 Nc6 3. Bb5 f5 4. d3 Nf6 5. exf5 Bc5 6. O-O O-O 7. Nc3 d6 8. Ne4
Bb6 9. Bg5 Bxf5 10. Nxf6+ gxf6 11. Bh6 Rf7 12. Nh4 Be6 13. Qh5 Nd4 14. Ba4 Qc8
15. h3 c6 16. g4 Qd7 17. c3 Ne2+ 18. Kh2 Kh8 19. Bd1 Nf4 20. Bxf4 exf4 21. Ng6+
Kg8 22. Nxf4 d5 23. Kh1 Bc7 24. Ng2 d4 25. c4 Re8 26. f4 Rfe7 27. Bf3 Qd6 28.
Qh4 Bf7 29. Rae1 Bg6 30. Rxe7 Rxe7 31. Rd1 Kg7 32. Kg1 h6 33. Qf2 f5 34. gxf5
Bxf5 35. Bg4 Bg6 36. Qf3 Rf7 37. Re1 Qf6 38. Re6 Qd8 39. Rxg6+ Kxg6 40. Bh5+
Kg7 41. Bxf7 Kxf7 42. Qe4 Qd6 43. a3 a5 44. Kf2 Kg8 45. Qf5 Kg7 46. Kf3 Qe7 47.
h4 Qf6 48. Qxf6+ Kxf6 49. Ke4 a4 50. Ne1 c5 51. Nf3 b6 52. h5 Ke6 53. Nh4 b5
54. cxb5 Ba5 55. Nf3 1-0

[Event "CAN op"]
[Site "Hamilton CAN"]
[Date "2022.07.17"]
[Round "9.35"]
[White "Manley, Jason"]
[Black "He, Emma"]
[Result "1/2-1/2"]
[WhiteElo "2210"]
[BlackElo "1903"]
[PlyCount "189"]
[EventDate "2022.07.12"]
[EventType "swiss"]
[EventRounds "9"]
[EventCountry "CAN"]

1. e4 e5 2. Nf3 Nc6 3. Bc4 Nf6 4. d4 exd4 5. O-O Nxe4 6. Re1 d5 7. Bxd5 Qxd5 8.
Nc3 Qa5 9. Rxe4+ Be6 10. Nxd4 O-O-O 11. Nce2 Nxd4 12. Rxd4 Bc5 13. Rxd8+ Rxd8
14. Qf1 Qb6 15. Nc3 Bf5 16. Bg5 f6 17. Bf4 Qxb2 18. Na4 Bxf2+ 19. Kh1 Qd4 20.
Bg3 Qxa4 21. Qxf2 Qxc2 22. Qe3 Rd1+ 23. Rxd1 Qxd1+ 24. Be1 a6 25. h3 Qd7 26.
Kh2 Qe6 27. Qc1 Qxa2 28. Bg3 Qc2 29. Qa3 Qd3 30. Qc5 Qd7 31. Qa7 Kd8 32. Qxb7
Be6 33. Qb8+ Qc8 34. Qb4 Ke8 35. Qc5 Kf7 36. Bxc7 Kg8 37. Qb6 Qd7 38. Bd6 Bc4
39. Qb8+ Kf7 40. Qb4 Bb5 41. Qc5 Qc6 42. Qa7+ Kg6 43. Bf8 Qd7 44. Qe3 Qc7+ 45.
Kg1 Kf7 46. Ba3 Qe5 47. Kf2 Qxe3+ 48. Kxe3 Ke6 49. g3 Ke5 50. h4 h5 51. Be7 Kf5
52. Bd6 Ke6 53. Bb8 Kd5 54. Kd2 Kc5 55. Kc2 a5 56. Kb2 Ba4 57. Bc7 Kb4 58. Bb8
Bd1 59. Bc7 a4 60. Bd6+ Kc4 61. Bb8 Kd3 62. Bc7 Ke4 63. Bb8 Kf3 64. Bc7 Kg4 65.
Bb8 Bb3 66. Bc7 Bd1 67. Bb8 Bb3 68. Bc7 Bd5 69. Bb8 g6 70. Bc7 Kf5 71. Bb8 Bc6
72. Bc7 Bd5 73. Bb8 g5 74. hxg5 fxg5 75. Bc7 h4 76. gxh4 gxh4 77. Bb8 Ke4 78.
Bc7 Kd4 79. Bb8 Kc4 80. Bc7 Kb4 81. Bb8 a3+ 82. Ka1 Kb3 83. Bc7 h3 84. Bb8 Kc2
85. Bh2 Kd2 86. Bg3 Ke2 87. Bh2 Kf2 88. Be5 Kf1 89. Bd6 a2 90. Be5 Kg1 91. Bd6
Be6 92. Be5 Bd5 93. Bf4 h2 94. Bxh2+ Kxh2 95. Kb2 1/2-1/2

[Event "CAN op"]
[Site "Hamilton CAN"]
[Date "2022.07.17"]
[Round "9.36"]
[White "Windram, James"]
[Black "Liu, Zachary"]
[Result "1/2-1/2"]
[WhiteElo "2124"]
[BlackElo "1891"]
[PlyCount "86"]
[EventDate "2022.07.12"]
[EventType "swiss"]
[EventRounds "9"]
[EventCountry "CAN"]

1. e4 c5 2. Nf3 Nc6 3. d4 cxd4 4. Nxd4 Nf6 5. Nc3 e5 6. Ndb5 d6 7. Bg5 a6 8.
Na3 b5 9. Nd5 Be7 10. Bxf6 Bxf6 11. c4 b4 12. Nc2 a5 13. g3 O-O 14. Bg2 Bg5 15.
O-O Ne7 16. h4 Bh6 17. Nde3 Be6 18. Qd3 Bxe3 19. Nxe3 Qc7 20. Rfd1 Rfd8 21. a3
Qc5 22. axb4 Qxb4 23. b3 g6 24. Ra4 Qc5 25. Nc2 h5 26. Rda1 Nc6 27. Qd2 Rab8
28. R4a3 Kg7 29. Kh2 a4 30. bxa4 Na5 31. Qe3 Nxc4 32. Qxc5 dxc5 33. Rc3 Rd2 34.
Bh3 Bxh3 35. Rxc4 Be6 36. Rc3 Rxf2+ 37. Kg1 Re2 38. a5 Rxe4 39. a6 Rc4 40. Rxc4
Bxc4 41. a7 Ra8 42. Ra5 Bd3 43. Ne3 Be4 1/2-1/2

[Event "CAN op"]
[Site "Hamilton CAN"]
[Date "2022.07.17"]
[Round "9.37"]
[White "Yang, Larry"]
[Black "Ajith, Aayush"]
[Result "1-0"]
[WhiteElo "1807"]
[BlackElo "2122"]
[PlyCount "95"]
[EventDate "2022.07.12"]
[EventType "swiss"]
[EventRounds "9"]
[EventCountry "CAN"]

1. e4 c5 2. Nc3 Nc6 3. g3 g6 4. Bg2 Bg7 5. Nge2 d6 6. d3 e6 7. O-O Nge7 8. f4
O-O 9. g4 f5 10. g5 d5 11. e5 a6 12. d4 c4 13. b3 cxb3 14. axb3 Bd7 15. Ba3 Rf7
16. h4 Bf8 17. h5 Be8 18. hxg6 Nxg6 19. Ng3 Bxa3 20. Rxa3 Nh4 21. Nh5 Nxg2 22.
Kxg2 Rc7 23. Nf6+ Kf8 24. Na4 Qe7 25. Ra1 Nb4 26. Rf2 Bxa4 27. Rxa4 a5 28. Qh5
Qf7 29. Qh6+ Ke7 30. Nxh7 Rg8 31. Nf6 Rg6 32. Qh8 Qf8 33. Qxf8+ Kxf8 34. Rxa5
Nxc2 35. Rc5 Rxc5 36. dxc5 Nd4 37. b4 Rg7 38. Ra2 Kf7 39. Ra8 Kg6 40. Re8 Ne2
41. Kf3 Nc3 42. Ke3 Ne4 43. Rh8 Nc3 44. Ne8 Rd7 45. Rh6+ Kf7 46. Nd6+ Ke7 47.
Rh7+ Kd8 48. g6 1-0

[Event "CAN op"]
[Site "Hamilton CAN"]
[Date "2022.07.17"]
[Round "9.38"]
[White "Demchenko, Kyrylo"]
[Black "Jiang, Hancy"]
[Result "1/2-1/2"]
[WhiteElo "2109"]
[BlackElo "1855"]
[PlyCount "136"]
[EventDate "2022.07.12"]
[EventType "swiss"]
[EventRounds "9"]
[EventCountry "CAN"]

1. e4 c6 2. d4 d5 3. Nc3 dxe4 4. Nxe4 Bf5 5. Ng3 Bg6 6. Nf3 Nd7 7. Bd3 Bxd3 8.
Qxd3 Qc7 9. Bd2 e6 10. Qe2 Ngf6 11. O-O Bd6 12. Nf5 O-O 13. Nxd6 Qxd6 14. c4
Rfe8 15. Bc3 Rad8 16. Rad1 Qc7 17. Rfe1 h6 18. Ne5 Nxe5 19. dxe5 Nh7 20. Qg4
Rxd1 21. Rxd1 Rd8 22. Rd6 Nf8 23. c5 b6 24. b4 bxc5 25. bxc5 Rb8 26. h3 Qb7 27.
Kh2 Qa6 28. Qf3 Rc8 29. Bd4 Qa4 30. Qb3 Qa6 31. a4 Kh8 32. Bc3 Kg8 33. a5 Kh8
34. Qb4 Kg8 35. Qb1 Qc4 36. Bd4 Qa6 37. Qe4 Qb5 38. Be3 Qa6 39. Bd2 Qb5 40. Qd4
Rb8 41. Be3 Rc8 42. Rd8 Rxd8 43. Qxd8 Qb7 44. Kg3 Qd7 45. Qb8 Qe7 46. a6 Qd7
47. Kh2 Qe7 48. Bd2 Qd7 49. Be3 Qe7 50. Qb7 Qd7 51. Kg3 Kh8 52. Bc1 Kg8 53. Kh2
Qd1 54. Be3 Qd7 55. h4 Kh8 56. g3 Kg8 57. Qb8 Qe7 58. Bd2 Qd7 59. Ba5 Qd4 60.
Kg2 Qe4+ 61. Kg1 Qa4 62. Qxa7 Qxa5 63. Qb7 Qe1+ 64. Kg2 Qe4+ 65. Kh2 Qe2 66.
Kg1 Qe1+ 67. Kg2 Qe4+ 68. Kh2 Qe2 1/2-1/2

[Event "CAN op"]
[Site "Hamilton CAN"]
[Date "2022.07.17"]
[Round "9.39"]
[White "Jiang, Barron Jiyu"]
[Black "Ruelland, Geoffrey"]
[Result "1/2-1/2"]
[WhiteElo "1791"]
[BlackElo "2086"]
[PlyCount "43"]
[EventDate "2022.07.12"]
[EventType "swiss"]
[EventRounds "9"]
[EventCountry "CAN"]

1. e4 c5 2. Nf3 e6 3. d4 cxd4 4. Nxd4 a6 5. Nc3 b5 6. a3 Bb7 7. Be2 Nf6 8. e5
Ne4 9. Nxe4 Bxe4 10. O-O Nc6 11. Nxc6 dxc6 12. Bd3 Bxd3 13. cxd3 Qd5 14. Qc2 c5
15. Be3 Be7 16. Rac1 O-O 17. Bxc5 Bxc5 18. Qxc5 Qxd3 19. Rfd1 Qe2 20. b3 h6 21.
h3 Rac8 22. Qd4 1/2-1/2

[Event "CAN op"]
[Site "Hamilton CAN"]
[Date "2022.07.17"]
[Round "9.40"]
[White "Leonard, Anthony"]
[Black "Nicholson, Devin"]
[Result "1-0"]
[WhiteElo "2097"]
[BlackElo "1545"]
[PlyCount "75"]
[EventDate "2022.07.12"]
[EventType "swiss"]
[EventRounds "9"]
[EventCountry "CAN"]

1. e4 c5 2. Nf3 Nc6 3. d4 cxd4 4. Nxd4 Nf6 5. Nc3 e5 6. Ndb5 d6 7. Nd5 Nxd5 8.
exd5 Nb8 9. c4 Be7 10. Bd3 Nd7 11. O-O a6 12. Nc3 O-O 13. Qc2 g6 14. Be3 f5 15.
f3 Bg5 16. Bf2 Bh4 17. g3 Bf6 18. Be2 f4 19. Ne4 Be7 20. b4 Nf6 21. Bd3 fxg3
22. hxg3 Nh5 23. Kg2 Qd7 24. Rh1 Qf5 25. Qe2 Qf7 26. c5 Bf5 27. Rac1 Bxe4 28.
Bxe4 Nf6 29. Rhd1 Nxe4 30. Qxe4 Qe8 31. c6 b5 32. c7 Qc8 33. Be3 Rf7 34. Rc6
Kg7 35. Rdc1 Rf8 36. Bd2 h5 37. Bc3 h4 38. Bxe5+ 1-0

[Event "CAN op"]
[Site "Hamilton CAN"]
[Date "2022.07.17"]
[Round "9.41"]
[White "Egorov, Mikhail"]
[Black "Hossain, Azher"]
[Result "1-0"]
[WhiteElo "2055"]
[BlackElo "1424"]
[PlyCount "49"]
[EventDate "2022.07.12"]
[EventType "swiss"]
[EventRounds "9"]
[EventCountry "CAN"]

1. e4 c6 2. d4 d5 3. f3 dxe4 4. fxe4 e5 5. Nf3 Bg4 6. Bc4 Nd7 7. c3 Ngf6 8. Qb3
Qe7 9. Qxb7 Rb8 10. Qxc6 exd4 11. cxd4 Qxe4+ 12. Qxe4+ Nxe4 13. O-O Be7 14.
Bxf7+ Kxf7 15. Ne5+ Ke8 16. Nxg4 Rb4 17. Nc3 Rxd4 18. Be3 Nxc3 19. Bxd4 Ne2+
20. Kh1 Nxd4 21. Rfd1 Nb5 22. Rac1 Nd6 23. Rxd6 Bxd6 24. Rc8+ Kf7 25. Rxh8 1-0

[Event "CAN op"]
[Site "Hamilton CAN"]
[Date "2022.07.17"]
[Round "9.42"]
[White "Locham, Divjot"]
[Black "Kim, Noah"]
[Result "0-1"]
[WhiteElo "1751"]
[BlackElo "2000"]
[PlyCount "100"]
[EventDate "2022.07.12"]
[EventType "swiss"]
[EventRounds "9"]
[EventCountry "CAN"]

1. e4 c6 2. d4 d5 3. Nc3 dxe4 4. Nxe4 Nf6 5. Ng3 g6 6. Nf3 Bg7 7. c3 O-O 8. Bd3
Nbd7 9. Be3 Nd5 10. h4 e5 11. Qd2 exd4 12. Bxd4 Re8+ 13. Ne2 h5 14. Bxg7 Kxg7
15. O-O-O Qf6 16. c4 N5b6 17. Nc3 Nc5 18. Be2 Bg4 19. Qd4 Qxd4 20. Rxd4 Ne6 21.
Rd2 Nf4 22. Bf1 Bxf3 23. gxf3 Re7 24. Ne4 Nd7 25. Rg1 Ne5 26. Rg3 b6 27. b3 c5
28. Rd6 Rd7 29. Rxd7 Nxd7 30. Kc2 Ne5 31. Nc3 Rd8 32. Ne2 Ne6 33. f4 Nc6 34.
Rd3 Nb4+ 35. Kb2 Nxd3+ 36. Kc3 Nxf2 37. Ng3 Nxf4 38. b4 Nd1+ 39. Kb3 Ne3 40.
bxc5 bxc5 41. Ne4 Nxf1 42. Nxc5 Nd2+ 43. Kc3 Ne2+ 44. Kb4 Rb8+ 45. Nb7 Rxb7+
46. Kc5 Rc7+ 47. Kd6 Rxc4 48. a4 Rxa4 49. Kd5 Rxh4 50. Ke5 a5 0-1

[Event "CAN op"]
[Site "Hamilton CAN"]
[Date "2022.07.17"]
[Round "9.43"]
[White "Chen, Rachel Ruoxuan"]
[Black "Katrib, Jordan"]
[Result "1-0"]
[WhiteElo "1988"]
[BlackElo "1344"]
[PlyCount "97"]
[EventDate "2022.07.12"]
[EventType "swiss"]
[EventRounds "9"]
[EventCountry "CAN"]

1. e4 c5 2. Nf3 Nc6 3. d4 cxd4 4. Nxd4 Nf6 5. Nc3 e5 6. Ndb5 d6 7. Nd5 Nxd5 8.
exd5 Ne7 9. c4 Ng6 10. Qa4 Bd7 11. Qb4 Qb8 12. h4 h5 13. Be2 Be7 14. Bd2 a6 15.
Nc3 f5 16. Na4 b5 17. cxb5 Bxb5 18. Bxb5+ Qxb5 19. Qxb5+ axb5 20. Nc3 Rb8 21.
g3 O-O 22. Ke2 b4 23. Na4 f4 24. Rhc1 Rb5 25. Rc4 Rfb8 26. Rac1 fxg3 27. fxg3
Nf8 28. Rc8 Rxc8 29. Rxc8 Rxd5 30. Bxb4 Rd4 31. a3 Kf7 32. Nc3 Ne6 33. Rb8 Rg4
34. Kf2 Nd4 35. Rb7 Ke6 36. Nb5 Nf5 37. Nc7+ Kf7 38. Nd5 Ke6 39. Nc7+ Kf7 40.
Ba5 Rxg3 41. Nd5 Rg6 42. Bd8 Re6 43. a4 e4 44. a5 e3+ 45. Ke1 e2 46. Nxe7 Ke8
47. Nxf5 Kxd8 48. a6 Kc8 49. Re7 1-0

[Event "CAN op"]
[Site "Hamilton CAN"]
[Date "2022.07.17"]
[Round "9.44"]
[White "Chychkevych, Bohdan"]
[Black "Yuen, Noah Nathaniel"]
[Result "1/2-1/2"]
[WhiteElo "1580"]
[BlackElo "1954"]
[PlyCount "62"]
[EventDate "2022.07.12"]
[EventType "swiss"]
[EventRounds "9"]
[EventCountry "CAN"]

1. d4 Nf6 2. c4 e6 3. Nc3 d5 4. Nf3 Be7 5. Bf4 c6 6. e3 Nbd7 7. Qc2 O-O 8. a3
a5 9. Rd1 dxc4 10. Bxc4 b5 11. Bd3 Qb6 12. Ne4 h6 13. Rc1 Nxe4 14. Bxe4 Bb7 15.
Ne5 Nxe5 16. Bxe5 Rac8 17. Qe2 c5 18. Bxb7 Qxb7 19. O-O Rfd8 20. Qg4 Bf8 21.
dxc5 Rd5 22. Bf4 h5 23. Qf3 Rcxc5 24. Rxc5 Bxc5 25. Rc1 Qb6 26. h4 a4 27. Qg3
Qd8 28. Qf3 Bd6 29. Bxd6 Qxd6 30. Rc8+ Kh7 31. g3 Rf5 1/2-1/2

[Event "CAN op"]
[Site "Hamilton CAN"]
[Date "2022.07.17"]
[Round "9.45"]
[White "Russell, Wesley"]
[Black "Li, Adam"]
[Result "0-1"]
[WhiteElo "1287"]
[BlackElo "1942"]
[PlyCount "62"]
[EventDate "2022.07.12"]
[EventType "swiss"]
[EventRounds "9"]
[EventCountry "CAN"]

1. e4 e5 2. Nc3 Nf6 3. g3 Nc6 4. Bg2 Be7 5. d3 d6 6. Nge2 Be6 7. O-O Qd7 8. f4
Bh3 9. Be3 h5 10. f5 Bxg2 11. Kxg2 h4 12. Qe1 O-O-O 13. h3 hxg3 14. Nxg3 g6 15.
Qf2 Rdg8 16. Nce2 d5 17. exd5 Qxd5+ 18. Qf3 gxf5 19. Qxd5 Nxd5 20. Bd2 f4 21.
c4 Nf6 22. Nxf4 exf4 23. Bxf4 Nh5 24. Rad1 Nxf4+ 25. Rxf4 Bd6 26. Rf3 Nd4 27.
Rxf7 Rxg3+ 28. Kf2 Rgxh3 29. a3 c5 30. b4 Rh2+ 31. Ke3 Re2# 0-1

[Event "CAN op"]
[Site "Hamilton CAN"]
[Date "2022.07.17"]
[Round "9.46"]
[White "Buscar, Michael"]
[Black "Trofimov-Malyshkin, Valentyn"]
[Result "1-0"]
[WhiteElo "2223"]
[BlackElo "1717"]
[PlyCount "185"]
[EventDate "2022.07.12"]
[EventType "swiss"]
[EventRounds "9"]
[EventCountry "CAN"]

1. Nf3 Nf6 2. c4 c5 3. g3 e6 4. Bg2 d5 5. cxd5 exd5 6. d4 Be7 7. Nc3 Nc6 8. O-O
O-O 9. Bg5 cxd4 10. Nxd4 h6 11. Bf4 a6 12. Rc1 Qa5 13. Nxc6 bxc6 14. Na4 Bb7
15. Qb3 Qb4 16. Qxb4 Bxb4 17. Nc5 Bxc5 18. Rxc5 Rfe8 19. Re1 g5 20. Be3 Rad8
21. Bd4 Nd7 22. Ra5 Ne5 23. b3 Rc8 24. Rc1 Ng6 25. Bh3 Rcd8 26. Rc2 Re4 27. e3
g4 28. Bf1 Ne5 29. Bxe5 Rxe5 30. Rd2 Re4 31. a3 Kg7 32. Bg2 Ree8 33. Rd4 h5 34.
h3 f5 35. Rb4 Re7 36. Rd4 Kf6 37. h4 Rc8 38. b4 Rec7 39. Rc5 Re7 40. Bf1 Ke5
41. Bd3 Rf7 42. Kf1 Kd6 43. Ke2 Rd8 44. Kd2 Kc7 45. Kc3 Kb6 46. Rf4 Rdf8 47.
Rd4 Rd8 48. Bc2 Ra8 49. Ra5 Rc8 50. Rf4 Rcf8 51. Kd4 Bc8 52. Bd3 Rf6 53. Rc5
R6f7 54. Bb1 Rf6 55. Kc3 Re8 56. Rd4 Ref8 57. Rd1 R6f7 58. Kd4 Re7 59. Bd3 Bb7
60. Rdc1 Re6 61. a4 Re7 62. a5+ Ka7 63. Rxc6 Bxc6 64. Rxc6 Re4+ 65. Bxe4 fxe4
66. Kxd5 Rxf2 67. Kxe4 Rf3 68. Rh6 Rxg3 69. Rxh5 Rg1 70. Rg5 Rb1 71. Rxg4 Rxb4+
72. Kf3 Rb5 73. Rg5 Rb1 74. e4 Kb7 75. Kf4 Rh1 76. h5 Kc6 77. Kf5 Kd6 78. Kg6
Ke6 79. h6 Rh4 80. h7 Rxh7 81. Kxh7 Kf6 82. Rg6+ Ke5 83. Rxa6 Kxe4 84. Rb6 Kd5
85. a6 Kc5 86. Rb1 Kd5 87. a7 Ke5 88. a8=Q Kd4 89. Qa5 Ke4 90. Rb4+ Ke3 91.
Qa3+ Kd2 92. Rb2+ Ke1 93. Qa1# 1-0

[Event "CAN op"]
[Site "Hamilton CAN"]
[Date "2022.07.17"]
[Round "9.47"]
[White "Young, Alex"]
[Black "Campbell, Brett"]
[Result "1/2-1/2"]
[WhiteElo "1713"]
[BlackElo "2189"]
[PlyCount "64"]
[EventDate "2022.07.12"]
[EventType "swiss"]
[EventRounds "9"]
[EventCountry "CAN"]

1. d4 f5 2. Bf4 Nf6 3. Nc3 d5 4. f3 e6 5. h4 Bd6 6. Qd2 O-O 7. h5 c5 8. dxc5
Bxc5 9. e3 Nc6 10. O-O-O h6 11. Bb5 Qb6 12. Bxc6 Qxc6 13. Be5 b5 14. Nce2 b4
15. Kb1 a5 16. Nf4 Rf7 17. Nge2 Nd7 18. Nd3 Ba6 19. Nef4 Bxd3 20. Nxd3 Bd6 21.
Bxd6 Qxd6 22. Nf4 Nb6 23. b3 Rfa7 24. Nd3 Rc8 25. Rh4 Rac7 26. Rc1 e5 27. e4
fxe4 28. fxe4 Nc4 29. bxc4 dxc4 30. Rh3 Rf8 31. Qe2 cxd3 32. Rxd3 Qb6 1/2-1/2

[Event "CAN op"]
[Site "Hamilton CAN"]
[Date "2022.07.17"]
[Round "9.48"]
[White "Mills, Morgen"]
[Black "Chen, Ricky"]
[Result "0-1"]
[WhiteElo "2136"]
[BlackElo "1709"]
[PlyCount "132"]
[EventDate "2022.07.12"]
[EventType "swiss"]
[EventRounds "9"]
[EventCountry "CAN"]

1. e4 g6 2. d4 Bg7 3. Nc3 c5 4. dxc5 Bxc3+ 5. bxc3 Qa5 6. Qd4 Nf6 7. Qb4 Qxb4
8. cxb4 Nxe4 9. Bd3 d5 10. c4 Be6 11. Ne2 Nc6 12. Bb2 Nf6 13. cxd5 Nxb4 14.
Bb5+ Bd7 15. Bxd7+ Kxd7 16. O-O Nbxd5 17. Rfd1 Kc6 18. Nd4+ Kc7 19. Nb5+ Kc6
20. Nd4+ Kc7 21. Nb5+ Kc6 22. a4 a6 23. Nd4+ Kc7 24. Nf3 Rad8 25. Rac1 Nb4 26.
Bc3 Rxd1+ 27. Rxd1 Nc6 28. Ng5 Rd8 29. Rxd8 Nxd8 30. Ba5+ Kd7 31. Kf1 h6 32.
Nf3 Nc6 33. Bd2 Ne4 34. Be3 Ke6 35. Ke2 Kd5 36. Bxh6 Nxc5 37. h4 f5 38. Nd2
Nxa4 39. f3 Ne5 40. Bf8 Ke6 41. Nb3 Nc3+ 42. Kd2 Na4 43. Bg7 b6 44. Nd4+ Kd5
45. Ne2 Nc4+ 46. Kd3 Nc5+ 47. Kc3 Ne6 48. Bh6 Ne5 49. Be3 b5 50. Kb3 a5 51. Bb6
Nc4 52. Bf2 b4 53. g4 fxg4 54. fxg4 Ne5 55. Bb6 Nxg4 56. Bxa5 Nd4+ 57. Nxd4
Kxd4 58. Bxb4 e5 59. Kc2 Ke3 60. Bd6 e4 61. Kc3 Kf3 62. Bb4 e3 63. Kd4 e2 64.
Be1 Ne3 65. Ke5 Kg4 66. Kf6 Kh5 0-1

[Event "CAN op"]
[Site "Hamilton CAN"]
[Date "2022.07.17"]
[Round "9.49"]
[White "Drkulec, Vladimir"]
[Black "Jizan, Masoud"]
[Result "1-0"]
[WhiteElo "2020"]
[BlackElo "1694"]
[PlyCount "69"]
[EventDate "2022.07.12"]
[EventType "swiss"]
[EventRounds "9"]
[EventCountry "CAN"]

1. d4 Nf6 2. c4 e6 3. g3 d5 4. Nf3 c5 5. cxd5 exd5 6. Bg2 cxd4 7. Nxd4 Nc6 8.
O-O Bc5 9. Nxc6 bxc6 10. Qc2 Qb6 11. Nc3 Bd6 12. Bg5 Be7 13. e4 Nxe4 14. Nxe4
f6 15. Be3 d4 16. Bf4 O-O 17. Bd6 Bxd6 18. Qc4+ Kh8 19. Nxd6 Ba6 20. Nf7+ Rxf7
21. Qxf7 Bxf1 22. Rxf1 Qc5 23. Re1 Qf8 24. Qxf8+ Rxf8 25. Bxc6 g5 26. Re8 Kg7
27. Rxf8 Kxf8 28. Be4 h6 29. Kf1 Ke7 30. Ke2 Kd6 31. f4 a5 32. Kd3 Kc5 33. a3
h5 34. Bg6 h4 35. Bf7 1-0

[Event "CAN op"]
[Site "Hamilton CAN"]
[Date "2022.07.17"]
[Round "9.50"]
[White "Zhu, Charis"]
[Black "Jiang, Kate"]
[Result "0-1"]
[WhiteElo "1640"]
[BlackElo "1982"]
[PlyCount "58"]
[EventDate "2022.07.12"]
[EventType "swiss"]
[EventRounds "9"]
[EventCountry "CAN"]

1. d4 d5 2. Bf4 Nf6 3. Nf3 e6 4. e3 c5 5. c3 Nc6 6. Bd3 Bd6 7. Bg3 O-O 8. Nbd2
Re8 9. e4 Bxg3 10. hxg3 c4 11. Bc2 e5 12. Nxe5 Nxe5 13. dxe5 Rxe5 14. f4 Bg4
15. Nf3 Rxe4+ 16. Bxe4 Nxe4 17. Qc2 h6 18. O-O-O Qa5 19. a3 Nxg3 20. Rhe1 Bf5
21. Qf2 Ne4 22. Qd4 Nc5 23. Nd2 Nd3+ 24. Kb1 Nxe1+ 25. Ka2 Nd3 26. b3 Qc5 27.
Qxc5 Nxc5 28. bxc4 dxc4 29. Nxc4 Be6 0-1

[Event "CAN op"]
[Site "Hamilton CAN"]
[Date "2022.07.17"]
[Round "9.51"]
[White "Schneider, Mitchell"]
[Black "Xu, Andrew"]
[Result "1-0"]
[WhiteElo "1684"]
[BlackElo "1939"]
[PlyCount "59"]
[EventDate "2022.07.12"]
[EventType "swiss"]
[EventRounds "9"]
[EventCountry "CAN"]

1. d4 Nf6 2. c4 g6 3. Nc3 d5 4. cxd5 Nxd5 5. e4 Nxc3 6. bxc3 Bg7 7. Bc4 O-O 8.
Ne2 c5 9. O-O Nc6 10. Be3 Qc7 11. Rc1 Rd8 12. Qd2 b6 13. Bb5 a6 14. Bxc6 Qxc6
15. d5 Qc7 16. Bf4 Be5 17. Bxe5 Qxe5 18. f4 Qxe4 19. c4 e6 20. Ng3 Qd4+ 21.
Qxd4 cxd4 22. Rfd1 exd5 23. Rxd4 Be6 24. Rcd1 Rd7 25. cxd5 Rad8 26. Ne4 Kg7 27.
Nc3 b5 28. dxe6 Rxd4 29. Rxd4 Rxd4 30. e7 1-0

[Event "CAN op"]
[Site "Hamilton CAN"]
[Date "2022.07.17"]
[Round "9.52"]
[White "Deshpande, Sarthak"]
[Black "Colvin, Andrew"]
[Result "1/2-1/2"]
[WhiteElo "1595"]
[BlackElo "1937"]
[PlyCount "61"]
[EventDate "2022.07.12"]
[EventType "swiss"]
[EventRounds "9"]
[EventCountry "CAN"]

1. d4 d5 2. c4 dxc4 3. e3 e5 4. Bxc4 exd4 5. exd4 Nf6 6. Nf3 Be7 7. O-O O-O 8.
h3 Nbd7 9. Nc3 Nb6 10. Bb3 c6 11. Re1 Nfd5 12. Nxd5 Nxd5 13. Bxd5 cxd5 14. Qb3
Bf6 15. Bf4 b6 16. Rac1 Be6 17. Ne5 Bxe5 18. Bxe5 Qg5 19. Qe3 Qxe3 20. Rxe3
Rac8 21. Rec3 Rxc3 22. Rxc3 Rc8 23. Rxc8+ Bxc8 24. Kf1 f6 25. Bb8 a6 26. Ke2
Kf7 27. Kd3 Ke6 28. Ba7 b5 29. Bc5 a5 30. Kc3 Bd7 31. Kd3 1/2-1/2

[Event "CAN op"]
[Site "Hamilton CAN"]
[Date "2022.07.17"]
[Round "9.53"]
[White "Hua, Michelle"]
[Black "Mok, Erwin"]
[Result "1-0"]
[WhiteElo "1930"]
[BlackElo "1468"]
[PlyCount "69"]
[EventDate "2022.07.12"]
[EventType "swiss"]
[EventRounds "9"]
[EventCountry "CAN"]

1. d4 d5 2. Bf4 c5 3. e3 cxd4 4. exd4 Nc6 5. c3 Bf5 6. Nd2 e6 7. Ngf3 f6 8. h3
g5 9. Bg3 h5 10. Qb3 Qd7 11. Bb5 Nh6 12. Nf1 Nf7 13. Ne3 Be4 14. Qd1 Bh6 15.
Nd2 Bg6 16. Nb3 b6 17. Bd3 Bxd3 18. Qxd3 Ne7 19. O-O-O a5 20. Kb1 a4 21. Nd2 e5
22. dxe5 fxe5 23. Ndc4 Qa7 24. Nxe5 O-O 25. Ng6 Rfd8 26. Nxe7+ Qxe7 27. Qg6+
Bg7 28. Nxd5 Qb7 29. Qxb6 Qxd5 30. Rxd5 Rxd5 31. Qc6 Rda5 32. Re1 Nh8 33. Re7
R5a6 34. Qd5+ Kf8 35. Bd6 1-0

[Event "CAN op"]
[Site "Hamilton CAN"]
[Date "2022.07.17"]
[Round "9.54"]
[White "Moses, Neil"]
[Black "Klein, Gernot"]
[Result "1-0"]
[WhiteElo "1578"]
[BlackElo "1925"]
[PlyCount "141"]
[EventDate "2022.07.12"]
[EventType "swiss"]
[EventRounds "9"]
[EventCountry "CAN"]

1. d4 d5 2. c4 e6 3. Nc3 c6 4. Nf3 dxc4 5. e4 b5 6. a4 Bb4 7. axb5 Bxc3+ 8.
bxc3 cxb5 9. Ba3 Ne7 10. Ne5 O-O 11. Qh5 a6 12. Be2 Nd7 13. f4 Nf6 14. Qh4 Re8
15. Bf3 Bb7 16. Ng4 Nxg4 17. Qxg4 f5 18. Qh3 Ng6 19. O-O fxe4 20. Bg4 Bd5 21.
f5 exf5 22. Bxf5 Qh4 23. Qe3 Ne7 24. Bh3 Kh8 25. Bd6 Bb7 26. Rf4 Nd5 27. Rxh4
Nxe3 28. Be5 Nd5 29. Bf5 Nf6 30. Bxf6 gxf6 31. Rxh7+ Kg8 32. Rxb7 e3 33. Re1 e2
34. Kf2 Rab8 35. Rxb8 Rxb8 36. d5 Kf7 37. d6 a5 38. Rxe2 b4 39. cxb4 axb4 40.
Be6+ Ke8 41. Bxc4+ Kd7 42. Rd2 b3 43. Rb2 Kxd6 44. Rxb3 Rh8 45. h3 Ke5 46. Rb5+
Kd6 47. Rf5 Ke7 48. Kg3 Rc8 49. Rf4 Rc5 50. h4 Rc6 51. h5 Kf8 52. Kh4 Kg7 53.
Rg4+ Kh8 54. Bd3 Rc1 55. Rg3 Rh1+ 56. Rh3 Rg1 57. Be4 Kg7 58. Rg3+ Kh8 59. h6
Re1 60. Bd3 Rh1+ 61. Rh3 Rg1 62. g4 Re1 63. h7 Re5 64. Bf5 Re8 65. Rc3 Kg7 66.
Kh5 Rb8 67. Rc7+ Kh8 68. Kh6 Rd8 69. Rc8 Rxc8 70. Bxc8 f5 71. g5 1-0

[Event "CAN op"]
[Site "Hamilton CAN"]
[Date "2022.07.17"]
[Round "9.55"]
[White "Finlay, Ian"]
[Black "Li, Justin"]
[Result "1-0"]
[WhiteElo "1914"]
[BlackElo "1424"]
[PlyCount "53"]
[EventDate "2022.07.12"]
[EventType "swiss"]
[EventRounds "9"]
[EventCountry "CAN"]

1. e4 c6 2. d3 d5 3. Nd2 e5 4. g3 Nf6 5. Ngf3 Bd6 6. Bg2 O-O 7. O-O Re8 8. Nh4
Nbd7 9. Nf5 Bc7 10. Nb3 Nf8 11. Qf3 Ne6 12. c3 b6 13. h4 Bb7 14. Qe2 dxe4 15.
dxe4 Qb8 16. Rd1 Rd8 17. Bg5 Nxg5 18. hxg5 Nd7 19. Bh3 Nf8 20. Ne7+ Kh8 21. Qc4
Rxd1+ 22. Rxd1 Qe8 23. Nf5 Rd8 24. Rxd8 Bxd8 25. Nd6 Qe7 26. Nxf7+ Kg8 27. Nh6+
1-0